Buffy The Vampire Slayer Love Interests - Statistics

General Stats
  • This quiz has been taken 349 times
  • The average score is 5 of 9
Answer Stats
Hint Answer % Correct
Season 1-3 Angel
100%
Season 6 Spike
99%
Season 4 Riley
96%
Season 4 Parker
65%
Season 7 Robin
42%
Season 3 Scott
39%
Season 5 Ben
36%
Season 2 Ford
8%
Season 4 Eddie
4%
No matching quizzes found
Score Distribution
Percent of People with Each Score
Percentile by Number Answered
Your Score History
You have not taken this quiz